| 000 | 00719nam a2200229 4500 | ||
|---|---|---|---|
| 003 | OSt | ||
| 005 | 20240730045256.0 | ||
| 006 | a | ||
| 008 | 240730b |||||||| |||| 00| 0 eng d | ||
| 020 | _a9780470697344 | ||
| 040 |
_aDWCL-Main lib. _cOC |
||
| 082 | _aCirc. 005.12 Or77p 2010 | ||
| 100 | _aOrtega-Arjona, Jorge Luis | ||
| 245 | _aPatterns for parallel software design / | ||
| 260 |
_aUK : _bJohn Wiley & Sons, Ltd. , _cc2010. |
||
| 300 |
_axxii, _b416 p. : ill. ; _c24 cm. |
||
| 504 | _aIncludes bibliographical references & index. | ||
| 650 | _a1. Parallel programming ( Computer science). | ||
| 650 | _a2. Software patterns. | ||
| 650 | _a3. Software architecture. | ||
| 942 |
_2ddc _n0 _cBK-CIRC _kCirc. |
||
| 999 |
_c2950 _d2950 |
||